[Event "36th ECC Open 2021"]
[Site "Struga MKD"]
[Date "2021.09.23"]
[Round "6.14"]
[Board "5"]
[White "Runarsson, Gunnar"]
[Black "Hamiti, Gani"]
[Result "0-1"]
[BlackTitle "FM"]
[WhiteElo "1944"]
[BlackElo "2123"]
[WhiteTeam "Viking  Chess Club"]
[BlackTeam "Dardania"]
[WhiteFideId "2301768"]
[BlackFideId "4701194"]
[EventDate "2021.09.18"]
[EventType "team"]

1. d4 d5 2. e4 dxe4 3. Nc3 Nf6 4. f3 exf3 5. Nxf3 e6 6. Bd3 Nbd7 7. O-O Be7 8.
Qe1 c5 9. dxc5 Nxc5 10. Bc4 a6 11. a4 O-O 12. Kh1 Nd5 13. Nxd5 exd5 14. Bxd5 Bf6
15. Qd1 Be6 16. Bxe6 Nxe6 17. c3 Qb6 18. Qe2 Rfe8 19. Qf2 Qxf2 20. Rxf2 Nc5 21.
Rf1 Re2 22. Bg5 Bxg5 23. Nxg5 f6 24. Nf3 Rxb2 25. Rfe1 Kf7 26. Nd4 Re8 27. Red1
Re3 28. c4 g6 29. Nf3 Nd3 30. Rdb1 Ree2 31. Rxb2 Nxb2 32. c5 Rc2 33. h3 Rxc5 34.
Rb1 Rc2 35. Kh2 b6 36. Ne1 Re2 37. a5 bxa5 38. Nf3 a4 39. Nd4 Rf2 40. Kg1 Rd2
41. Nf3 Rd1+ 42. Rxd1 Nxd1 43. Nd4 a3 44. Kf1 a2 45. Nb3 Ne3+ 0-1

[Event "36th ECC Open 2021"]
[Site "Struga MKD"]
[Date "2021.09.23"]
[Round "6.14"]
[Board "6"]
[White "Asllani, Ibrahim"]
[Black "Ingason, Sigurdur"]
[Result "1/2-1/2"]
[WhiteElo "2038"]
[BlackElo "1805"]
[WhiteTeam "Dardania"]
[BlackTeam "Viking  Chess Club"]
[WhiteFideId "4701674"]
[BlackFideId "2301709"]
[EventDate "2021.09.18"]
[EventType "team"]

1. d4 f5 2. Nf3 Nf6 3. g3 e6 4. Bg2 Be7 5. O-O O-O 6. c4 d6 7. Nc3 Ne4 8. Nd2
Nxc3 9. bxc3 e5 10. Rb1 c6 11. c5 exd4 12. cxd4 dxc5 13. Qb3+ Kh8 14. d5 cxd5
15. Bxd5 Nd7 16. Rd1 Nb6 17. Bg2 Qc7 18. Nc4 Be6 19. Bf4 Bxc4 20. Qxc4 Qc8 21.
Qb5 Qe6 22. a4 Rad8 23. a5 Nd5 24. Bxd5 Rxd5 25. Qxb7 Rxd1+ 26. Rxd1 Qxe2 27.
Rd5 Qe1+ 28. Kg2 Qe4+ 29. Kg1 Qe1+ 1/2-1/2

[Event "36th ECC Open 2021"]
[Site "Struga MKD"]
[Date "2021.09.23"]
[Round "6.15"]
[Board "1"]
[White "Schreiner, Peter"]
[Black "Saraci, Nderim"]
[Result "0-1"]
[WhiteTitle "IM"]
[BlackTitle "IM"]
[WhiteElo "2440"]
[BlackElo "2466"]
[WhiteTeam "SV Raika Rapid Feffernitz"]
[BlackTeam "Drejtesia"]
[WhiteFideId "1621645"]
[BlackFideId "6351921"]
[EventDate "2021.09.18"]
[EventType "team"]

1. d4 d5 2. c4 c6 3. Nf3 Nf6 4. Qc2 g6 5. Bf4 Bg7 6. e3 O-O 7. Nc3 Bg4 8. Ne5
Bc8 9. Be2 Nbd7 10. Nxd7 Qxd7 11. cxd5 Nxd5 12. Nxd5 Qxd5 13. O-O Bf5 14. Qa4 e5
15. dxe5 Bxe5 16. Rfd1 Qe6 17. Bxe5 Qxe5 18. Rd2 Rfd8 19. Rad1 Rxd2 20. Rxd2 a5
21. h4 h5 22. Bf3 Qc5 23. a3 Qc1+ 24. Qd1 Qxd1+ 25. Rxd1 Kf8 26. Kf1 Ke7 27. Ke2
Rc8 28. Kd2 b5 29. b4 axb4 30. axb4 c5 31. Kc3 cxb4+ 32. Kxb4 Rc2 33. Kxb5 Rxf2
34. Rd4 Bh3 35. Kc4 Bxg2 36. Bd1 Bf3 37. Rf4 Be2+ 38. Bxe2 Rxe2 39. Kd3 Rg2 40.
Rf1 Ke6 0-1

[Event "36th ECC Open 2021"]
[Site "Struga MKD"]
[Date "2021.09.23"]
[Round "6.15"]
[Board "2"]
[White "Makolli, Perparim"]
[Black "Diermair, Andreas"]
[Result "0-1"]
[WhiteTitle "FM"]
[BlackTitle "GM"]
[WhiteElo "2249"]
[BlackElo "2480"]
[WhiteTeam "Drejtesia"]
[BlackTeam "SV Raika Rapid Feffernitz"]
[WhiteFideId "908630"]
[BlackFideId "1612468"]
[EventDate "2021.09.18"]
[EventType "team"]

1. e4 e5 2. Nf3 Nc6 3. Bb5 a6 4. Ba4 Nf6 5. O-O Be7 6. Re1 b5 7. Bb3 d6 8. c3
O-O 9. h3 Nb8 10. d4 Nbd7 11. Nbd2 Bb7 12. Bc2 Re8 13. Nf1 Bf8 14. Ng3 g6 15.
Nh2 d5 16. dxe5 Nxe4 17. Nxe4 dxe4 18. Bxe4 Bxe4 19. Rxe4 Nxe5 20. Bf4 Nc4 21.
Rd4 Qe7 22. Ng4 Rad8 23. b3 Nd6 24. Bxd6 Rxd6 25. Rxd6 cxd6 26. Qf3 Bg7 27. Qc6
b4 28. Ne3 bxc3 29. Qxa6 Qe5 30. Rd1 d5 31. Qc6 Rd8 32. Qb6 Rb8 33. Qa7 Rc8 34.
Qb7 Rd8 35. Qb6 Rd6 36. Qb8+ Bf8 37. Qb5 Qe6 38. Nc2 d4 39. Kf1 Qf6 40. Qd3 Bh6
41. Kg1 Bd2 42. a4 Qf5 43. Rxd2 cxd2 44. Qxd2 Qc5 45. Qd1 Qc3 46. Na3 d3 47. Nc4
Re6 48. Qf3 Qxb3 49. Qa8+ Kg7 50. Qd5 Qc3 51. a5 Qe1+ 52. Kh2 Qxf2 53. Qxd3 Qf4+ 0-1

[Event "36th ECC Open 2021"]
[Site "Struga MKD"]
[Date "2021.09.23"]
[Round "6.15"]
[Board "3"]
[White "Pacher, Simon"]
[Black "Bajraktari, Perparim"]
[Result "1/2-1/2"]
[WhiteElo "1992"]
[BlackElo "2196"]
[WhiteTeam "SV Raika Rapid Feffernitz"]
[BlackTeam "Drejtesia"]
[WhiteFideId "1621084"]
[BlackFideId "1307711"]
[EventDate "2021.09.18"]
[EventType "team"]

1. e4 g6 2. d4 c5 3. Nf3 Bg7 4. c3 cxd4 5. cxd4 d5 6. exd5 Nf6 7. Nc3 Nxd5 8.
Bb5+ Nc6 9. Qa4 O-O 10. Bxc6 Nb6 11. Qb4 bxc6 12. O-O Qd6 13. Qxd6 exd6 14. h3
c5 15. dxc5 dxc5 16. Be3 Ba6 17. Rfe1 Rac8 18. Nd2 Bd4 19. a4 Rfd8 20. a5 Bxe3
21. Rxe3 Nd5 22. Nxd5 Rxd5 23. Ne4 Kg7 24. Nc3 Rd7 25. Rd1 Rxd1+ 26. Nxd1 Kf6
27. Nc3 Bb7 28. Nb5 Rd8 29. Rc3 a6 1/2-1/2

[Event "36th ECC Open 2021"]
[Site "Struga MKD"]
[Date "2021.09.23"]
[Round "6.15"]
[Board "4"]
[White "Asllani, Muhamet"]
[Black "Loescher, Leon"]
[Result "1-0"]
[WhiteElo "2225"]
[BlackElo "1847"]
[WhiteTeam "Drejtesia"]
[BlackTeam "SV Raika Rapid Feffernitz"]
[WhiteFideId "22100300"]
[BlackFideId "1623915"]
[EventDate "2021.09.18"]
[EventType "team"]

1. e4 e5 2. Nf3 Nc6 3. d4 exd4 4. Bc4 Nf6 5. O-O Nxe4 6. Re1 d5 7. Bxd5 Qxd5 8.
Nc3 Qh5 9. Nxe4 Be6 10. Bg5 Bb4 11. c3 dxc3 12. bxc3 Ba5 13. Qd2 O-O 14. Ng3 Qg6
15. Nh4 Bxc3 16. Nxg6 Bxd2 17. Nxf8 Bxe1 18. Nxe6 Bxf2+ 19. Kxf2 fxe6 20. Ne4
Nd4 21. Rc1 h6 22. Be3 Rf8+ 23. Ke1 Nf5 24. Bxa7 Ra8 25. Bf2 Nd6 26. Nc3 Ra5 27.
Rc2 Nc4 28. Ne4 Ne5 29. Ke2 b5 30. Bg3 b4 31. Nc5 1-0

[Event "36th ECC Open 2021"]
[Site "Struga MKD"]
[Date "2021.09.23"]
[Round "6.15"]
[Board "5"]
[White "Tscharnuter, Noah"]
[Black "Zymberi, Astrit"]
[Result "1-0"]
[WhiteElo "1897"]
[BlackElo "2107"]
[WhiteTeam "SV Raika Rapid Feffernitz"]
[BlackTeam "Drejtesia"]
[WhiteFideId "1636235"]
[BlackFideId "4700295"]
[EventDate "2021.09.18"]
[EventType "team"]

1. e4 c5 2. c3 d5 3. exd5 Qxd5 4. d4 Nf6 5. Nf3 e6 6. Nbd2 cxd4 7. Bc4 Qd6 8.
Nxd4 a6 9. N2f3 Be7 10. Qe2 O-O 11. O-O Nc6 12. Re1 Bd7 13. Bg5 Nd5 14. Bxe7
Ncxe7 15. Ne5 Be8 16. Rad1 Qb6 17. Bb3 Rd8 18. Qe4 Ng6 19. Nxg6 hxg6 20. Rd3 Rd6
21. Rh3 Qd8 22. Nf3 Bc6 23. Qg4 Qf6 24. Qg3 Rfd8 25. Rh4 Kf8 26. Ng5 Qf5 27.
Bxd5 Rxd5 28. Nxe6+ Qxe6 29. Rh8+ Ke7 30. Rxe6+ fxe6 31. Rxd8 Kxd8 32. h4 Rd1+
33. Kh2 Be4 34. Qg4 Re1 35. Qxe6 Re2 36. Kg3 1-0

[Event "36th ECC Open 2021"]
[Site "Struga MKD"]
[Date "2021.09.23"]
[Round "6.15"]
[Board "6"]
[White "Bahtiri, Sabri"]
[Black "Valtiner, Adamo"]
[Result "1-0"]
[WhiteElo "2010"]
[BlackElo "1946"]
[WhiteTeam "Drejtesia"]
[BlackTeam "SV Raika Rapid Feffernitz"]
[WhiteFideId "3600114"]
[BlackFideId "1647962"]
[EventDate "2021.09.18"]
[EventType "team"]

1. e4 c5 2. Nf3 Nc6 3. g3 e5 4. Bg2 d6 5. O-O h5 6. h4 Bg4 7. d3 Be7 8. Nc3 g5
9. hxg5 h4 10. gxh4 f6 11. Nd5 fxg5 12. Nxe7 Qxe7 13. Bxg5 Qf7 14. Re1 Nge7 15.
Re3 O-O-O 16. Qd2 Rdg8 17. Nh2 Bd7 18. Rf3 Qg7 19. Rg3 Ng6 20. c3 Qf7 21. Ng4
Rf8 22. Nh6 Qe8 23. Bf3 Nf4 24. Nf5 Kc7 25. Bxf4 exf4 26. Qxf4 Qe5 27. Qxe5 Nxe5
28. Bg4 Rfg8 29. Be2 Rf8 30. f4 Nc6 31. h5 Bxf5 32. exf5 Rxf5 33. Rf1 Rhf8 34.
Rg4 Kb6 35. Rh4 Ne7 36. Kh2 Nd5 37. Kg3 Ne3 38. Rf3 Nd5 39. c4 Nf6 40. Re3 Rg8+
41. Kf2 Rh8 42. h6 Rh7 43. Rg3 Ne8 44. Rg6 Rf6 45. Rxf6 Nxf6 46. Bf3 Ng8 47. Be4
Rxh6 48. Rxh6 Nxh6 49. Kg3 Kc7 50. Kh4 Kd7 51. Kg5 Ng8 52. Bxb7 Ke7 53. Bd5 Nf6
54. Kf5 a5 55. Bg2 Nh5 56. Bf3 Nf6 57. Bd5 Nd7 58. d4 cxd4 59. Ke4 Kf6 60. Kxd4
Kf5 61. Bc6 Nf6 62. c5 dxc5+ 63. Kxc5 Kxf4 64. Kb5 Ke5 65. Kxa5 Kd6 66. Kb6 Ng4
67. b4 Ne5 68. Bb5 Nf3 69. a4 Ne1 70. a5 Nc2 71. a6 Nxb4 72. a7 Nd5+ 73. Kb7 Nc7
74. Bc6 Na8 75. Kxa8 Kc7 76. Bb7 1-0

[Event "36th ECC Open 2021"]
[Site "Struga MKD"]
[Date "2021.09.23"]
[Round "6.16"]
[Board "1"]
[White "Reizniece-Ozola, Dana"]
[Black "Cumming, Rhys"]
[Result "0-1"]
[WhiteTitle "WGM"]
[BlackTitle "FM"]
[WhiteElo "2283"]
[BlackElo "2361"]
[WhiteTeam "Wasa SK"]
[BlackTeam "Sussex Martlets"]
[WhiteFideId "11601124"]
[BlackFideId "470163"]
[EventDate "2021.09.18"]
[EventType "team"]

1. c4 e5 2. g3 Nf6 3. Bg2 d5 4. cxd5 Nxd5 5. Nc3 Nb6 6. e3 Nc6 7. Nge2 Qd3 8. f4
f6 9. O-O Bf5 10. fxe5 fxe5 11. Qb3 O-O-O 12. Qf7 g6 13. a4 a6 14. a5 Nd7 15.
Ra4 Nc5 16. Ra3 Be6 17. Qf2 Qd7 18. d4 Nd3 19. Qf3 Bg4 20. Qf6 Be7 21. Bxc6 bxc6
22. Qf7 Be6 23. Qg7 Bxa3 24. Qxd7+ Bxd7 25. bxa3 Rhf8 26. dxe5 Rxf1+ 27. Kxf1
Bh3+ 28. Kg1 Nxc1 29. Nxc1 Rf8 0-1

[Event "36th ECC Open 2021"]
[Site "Struga MKD"]
[Date "2021.09.23"]
[Round "6.16"]
[Board "2"]
[White "Willson, Ollie"]
[Black "Cramling, Dan"]
[Result "0-1"]
[BlackTitle "IM"]
[WhiteElo "2082"]
[BlackElo "2292"]
[WhiteTeam "Sussex Martlets"]
[BlackTeam "Wasa SK"]
[WhiteFideId "424714"]
[BlackFideId "1700162"]
[EventDate "2021.09.18"]
[EventType "team"]

1. e4 Nf6 2. e5 Nd5 3. d4 d6 4. Nf3 g6 5. Bc4 Nb6 6. Bb3 Bg7 7. Qe2 O-O 8. a4
dxe5 9. dxe5 a5 10. e6 f5 11. h4 Na6 12. h5 Nc5 13. hxg6 hxg6 14. Bh6 Bxb2 15.
Ra2 Bf6 16. Qe3 Nxb3 17. Bxf8 Qxf8 18. cxb3 Nd5 19. Qc5 Bxe6 20. Rd2 c6 21. g3
Bf7 22. Re2 Qg7 23. Nbd2 e5 24. Nc4 e4 25. Nfd2 Nc3 26. Re3 Nd5 27. Re2 Bc3 28.
Nd6 Bb4 29. Qc1 Bxd6 30. Nc4 Bb4+ 31. Kf1 b5 32. Ne3 Nc3 33. Rd2 Bxb3 34. f3 Bc5
35. Rdh2 Bd4 36. Rh8+ Qxh8 37. Rxh8+ Bxh8 38. Qa3 Bf7 39. Qd6 Nd5 40. Ng2 Rc8
41. Nh4 Bf6 42. Nxg6 Rd8 43. Qxc6 Bxg6 44. axb5 Be8 45. Qc5 Be7 46. Qc4 Kf8 47.
Kf2 e3+ 48. Kg2 Bb4 49. Qd4 Bxb5 50. Qh8+ Ke7 51. Qe5+ Kf7 52. Qxf5+ Nf6 53.
Qxb5 e2 54. Qc4+ Kg7 55. Qc7+ 0-1

[Event "36th ECC Open 2021"]
[Site "Struga MKD"]
[Date "2021.09.23"]
[Round "6.16"]
[Board "3"]
[White "Nordstrom, Felix"]
[Black "Payne, Matthew J"]
[Result "0-1"]
[WhiteTitle "FM"]
[WhiteElo "2083"]
[BlackElo "2150"]
[WhiteTeam "Wasa SK"]
[BlackTeam "Sussex Martlets"]
[WhiteFideId "1701509"]
[BlackFideId "417084"]
[EventDate "2021.09.18"]
[EventType "team"]

1. d4 Nf6 2. c4 g6 3. Nc3 Bg7 4. e4 d6 5. f3 O-O 6. Be3 Nc6 7. Nge2 a6 8. Qd2
Rb8 9. Rc1 Bd7 10. Nd1 b5 11. c5 e6 12. Nf2 Re8 13. g3 dxc5 14. Rxc5 Bf8 15. Rc1
Bb4 16. Nc3 Ba5 17. b3 e5 18. dxe5 Nxe5 19. Be2 Re6 20. O-O Rd6 21. Qb2 b4 22.
Nb1 Qe8 23. Bd4 Rxd4 24. Qxd4 Bb6 25. Qb2 Bh3 26. Rfd1 Neg4 27. Rd4 Nxf2 28.
Kxf2 Rd8 29. Rc4 Qe5 30. Ke3 Bf5 31. Nd2 Nd5+ 32. Kd3 c5 33. exf5 Qe3+ 34. Kc2
Qxe2 35. Re4 Ne3+ 36. Kb1 Qd3+ 37. Ka1 Nxc4 38. bxc4 gxf5 39. Re1 Bc7 40. Nb3
Qxf3 41. Qf6 Rd1+ 42. Rxd1 Qxd1+ 43. Kb2 Qe2+ 44. Kb1 Qf1+ 45. Kb2 Qg2+ 46. Kb1
Qh1+ 47. Nc1 Qe4+ 0-1

[Event "36th ECC Open 2021"]
[Site "Struga MKD"]
[Date "2021.09.23"]
[Round "6.16"]
[Board "4"]
[White "Bucher, Grant W"]
[Black "Wenzel, Birger"]
[Result "1-0"]
[WhiteElo "2114"]
[BlackElo "1974"]
[WhiteTeam "Sussex Martlets"]
[BlackTeam "Wasa SK"]
[WhiteFideId "413810"]
[BlackFideId "4657497"]
[EventDate "2021.09.18"]
[EventType "team"]

1. e4 c6 2. Nf3 d5 3. Nc3 dxe4 4. Nxe4 Nf6 5. Qe2 Nxe4 6. Qxe4 Be6 7. b3 Nd7 8.
Bb2 Nf6 9. Qe2 Bg4 10. h3 Bxf3 11. Qxf3 e6 12. O-O-O a5 13. a4 Bd6 14. Kb1 h5
15. Bd3 h4 16. g4 hxg3 17. fxg3 Qc7 18. Rde1 O-O-O 19. g4 Bb4 20. Re2 Qe7 21.
Rf1 Rd7 22. g5 Nh5 23. g6 f6 24. Bf5 exf5 25. Rxe7 Bxe7 26. Qxf5 Ng3 27. Qxa5
Rxh3 28. Re1 Rh2 29. Bc3 Ne2 30. Qa8+ Kc7 31. Ba5+ Kd6 32. Qb8+ 1-0

[Event "36th ECC Open 2021"]
[Site "Struga MKD"]
[Date "2021.09.23"]
[Round "6.16"]
[Board "5"]
[White "Andric, Jelena"]
[Black "Grant, David J"]
[Result "1/2-1/2"]
[WhiteTitle "WFM"]
[WhiteElo "2056"]
[BlackElo "2074"]
[WhiteTeam "Wasa SK"]
[BlackTeam "Sussex Martlets"]
[WhiteFideId "919853"]
[BlackFideId "403717"]
[EventDate "2021.09.18"]
[EventType "team"]

1. c4 Nf6 2. Nf3 g6 3. g3 Bg7 4. Bg2 O-O 5. O-O d6 6. d4 Nc6 7. d5 Na5 8. Nfd2
c5 9. e4 b5 10. cxb5 a6 11. b6 Qxb6 12. Na3 Bd7 13. Qc2 Qb4 14. Rb1 Ng4 15. Nac4
Nxc4 16. Nxc4 Bb5 17. b3 Qc3 18. Qxc3 Bxc3 19. Bb2 Bxb2 20. Rxb2 Ne5 21. Rc2
Rfb8 22. f4 Nxc4 23. bxc4 Ba4 24. Rc3 Rb2 25. Ra3 Rb4 26. Rc1 a5 27. e5 Rab8 28.
Be4 Kg7 29. h3 h5 30. Bd3 R8b7 31. Re1 Ra7 32. exd6 exd6 33. Kg2 Kf6 34. Re2 Bd1
35. Rd2 Ba4 36. Re2 1/2-1/2

[Event "36th ECC Open 2021"]
[Site "Struga MKD"]
[Date "2021.09.23"]
[Round "6.16"]
[Board "6"]
[White "Walker, Samuel A"]
[Black "Eriksson, Lennarth"]
[Result "0-1"]
[WhiteElo "2048"]
[BlackElo "1941"]
[WhiteTeam "Sussex Martlets"]
[BlackTeam "Wasa SK"]
[WhiteFideId "412813"]
[BlackFideId "1707736"]
[EventDate "2021.09.18"]
[EventType "team"]

1. d4 d6 2. e4 g6 3. Nc3 Bg7 4. Bg5 c6 5. Qd2 Qb6 6. O-O-O Nd7 7. f4 f6 8. Bh4
Nh6 9. Nf3 Nf7 10. Kb1 Nf8 11. h3 Bd7 12. Bc4 Qc7 13. e5 d5 14. exf6 exf6 15.
Rhe1+ Ne6 16. Nxd5 cxd5 17. Bxd5 O-O 18. Bxe6 Bxe6 19. Rxe6 Nd6 20. Rde1 Rf7 21.
g4 Rc8 22. c3 b5 23. f5 Nc4 24. Qe2 g5 25. Bf2 Bf8 26. Re8 Rxe8 27. Qxe8 Qf4 28.
Qxb5 Na3+ 29. bxa3 Qxf3 30. Qc4 Qxf2 31. Re2 Qf1+ 32. Kc2 Kg7 33. d5 Bd6 34. Qe4
Qa1 35. Qc4 Rb7 36. Kd3 Qd1+ 37. Ke4 Re7+ 38. Kf3 Qf1+ 0-1

[Event "36th ECC Open 2021"]
[Site "Struga MKD"]
[Date "2021.09.23"]
[Round "6.17"]
[Board "1"]
[White "Noe, Christopher"]
[Black "Bosboom, Manuel"]
[Result "1-0"]
[WhiteTitle "IM"]
[BlackTitle "IM"]
[WhiteElo "2518"]
[BlackElo "2395"]
[WhiteTeam "De Sprenger Echternach"]
[BlackTeam "En Passant"]
[WhiteFideId "24692018"]
[BlackFideId "1000080"]
[EventDate "2021.09.18"]
[EventType "team"]

1. d4 Nf6 2. c4 d6 3. Nc3 Nbd7 4. e4 e5 5. d5 Nc5 6. f3 a5 7. Be3 Be7 8. Qd2 h5
9. g3 a4 10. Nh3 b6 11. Nf2 h4 12. O-O-O a3 13. b3 g6 14. Be2 Kf8 15. f4 Kg7 16.
Bf3 Bd7 17. Rdg1 Qc8 18. g4 exf4 19. Bd4 Kg8 20. e5 Nh7 21. Nfe4 Ng5 22. Nxg5
Bxg5 23. b4 Qa6 24. e6 Qxc4 25. bxc5 bxc5 26. Bxh8 Kxh8 27. exd7 Rb8 28. Re1 Rb2
29. Re4 Qa6 30. Qd1 Kg7 31. Ra4 Qb6 32. Rxa3 c4 33. Na4 1-0

[Event "36th ECC Open 2021"]
[Site "Struga MKD"]
[Date "2021.09.23"]
[Round "6.17"]
[Board "2"]
[White "De Graaf, Dick"]
[Black "Hammes, Michael"]
[Result "1-0"]
[BlackTitle "IM"]
[WhiteElo "2076"]
[BlackElo "2345"]
[WhiteTeam "En Passant"]
[BlackTeam "De Sprenger Echternach"]
[WhiteFideId "1005677"]
[BlackFideId "4619358"]
[EventDate "2021.09.18"]
[EventType "team"]

1. e4 e6 2. d4 d5 3. Nc3 Nf6 4. Bg5 Bb4 5. e5 h6 6. Bd2 Bxc3 7. bxc3 Ne4 8. Bc1
c5 9. Ne2 Qa5 10. f3 Nxc3 11. Qd2 cxd4 12. Nxd4 Qc7 13. Bb2 Qxe5+ 14. Kf2 Na4
15. Bb5+ Bd7 16. Bxa4 O-O 17. Bb3 Qd6 18. f4 Na6 19. Rhe1 Nc5 20. Kg1 Ne4 21.
Qe3 b5 22. Nf3 Rfc8 23. Rad1 Qe7 24. Ne5 Be8 25. Bd4 a5 26. c3 f6 27. Nf3 f5 28.
Bc2 Qa3 29. Bb1 Bc6 30. Rc1 Be8 31. Nd2 Ra6 32. Nxe4 fxe4 33. Qg3 Qf8 34. Bc2
Rac6 35. Bb1 Rc4 36. a3 Ra4 37. f5 exf5 38. Qe5 Qf7 39. Rf1 Bd7 40. Ba2 Be6 41.
Bxd5 Bxd5 42. Rxf5 Qg6 43. Qxd5+ Kh7 44. Rcf1 e3 45. Qf3 Rxa3 46. Rf7 Rg8 47.
Qxe3 b4 48. R1f3 b3 49. Rg3 Qc2 1-0

[Event "36th ECC Open 2021"]
[Site "Struga MKD"]
[Date "2021.09.23"]
[Round "6.17"]
[Board "3"]
[White "Gibicar, Danijel"]
[Black "Van Twillert, Laurents"]
[Result "1-0"]
[WhiteTitle "FM"]
[BlackTitle "CM"]
[WhiteElo "2271"]
[BlackElo "2082"]
[WhiteTeam "De Sprenger Echternach"]
[BlackTeam "En Passant"]
[WhiteFideId "24660256"]
[BlackFideId "1009800"]
[EventDate "2021.09.18"]
[EventType "team"]

1. d4 d5 2. c4 c6 3. e3 Nf6 4. Nc3 e6 5. Qc2 Bd6 6. Bd2 Nbd7 7. O-O-O b6 8. Nf3
Bb7 9. e4 Nxe4 10. Nxe4 dxe4 11. Qxe4 Nf6 12. Qh4 Qc7 13. Bh6 Bf8 14. Bf4 Bd6
15. Be5 O-O-O 16. Bxf6 gxf6 17. Qxf6 c5 18. d5 exd5 19. cxd5 Rhe8 20. Bb5 Re7
21. g3 a6 22. Bd3 c4 23. Bxh7 c3 24. Bf5+ Kb8 25. Qxc3 Qxc3+ 26. bxc3 Bxd5 27.
Rd3 Bxf3 28. Rxf3 Re2 29. Kb1 Ba3 30. c4 Bc5 31. Bd3 Rxf2 32. Rxf2 Bxf2 33. Kc2
Rh8 34. g4 Kc7 35. Kd2 Kd6 36. Ke2 Bd4 37. a4 1-0

[Event "36th ECC Open 2021"]
[Site "Struga MKD"]
[Date "2021.09.23"]
[Round "6.17"]
[Board "4"]
[White "Reichardt, Robin"]
[Black "Sparwel, Oliver"]
[Result "1/2-1/2"]
[WhiteElo "2051"]
[BlackElo "2013"]
[WhiteTeam "En Passant"]
[BlackTeam "De Sprenger Echternach"]
[WhiteFideId "1051067"]
[BlackFideId "4002660"]
[EventDate "2021.09.18"]
[EventType "team"]

1. d4 d5 2. c4 e6 3. Nf3 Nf6 4. Bg5 c6 5. e3 Nbd7 6. Nbd2 Be7 7. Bd3 O-O 8. O-O
dxc4 9. Nxc4 b5 10. Nce5 Nxe5 11. Nxe5 Bb7 12. Rc1 Rc8 13. Bb1 a6 14. a3 Nd5 15.
Bxe7 Qxe7 16. Rc5 g6 17. Qc2 f6 18. Nxc6 Bxc6 19. Rxc6 Qd7 20. Rc1 Ne7 21. Rc7
Rxc7 22. Qxc7 Qxc7 23. Rxc7 Rc8 24. Rxc8+ Nxc8 25. Kf1 Nb6 26. Ke2 Kf7 27. Kd3
Ke7 28. Ba2 Kd6 29. Bb3 g5 30. Kc3 a5 31. Bc2 Nd5+ 32. Kd2 h6 33. Bd3 b4 34. Kc2
bxa3 35. bxa3 Nb6 36. Kb3 e5 37. dxe5+ Kxe5 1/2-1/2

[Event "36th ECC Open 2021"]
[Site "Struga MKD"]
[Date "2021.09.23"]
[Round "6.17"]
[Board "5"]
[White "Schwab, Patrick"]
[Black "Reichardt, Jasper"]
[Result "1/2-1/2"]
[WhiteElo "1848"]
[BlackElo "1977"]
[WhiteTeam "De Sprenger Echternach"]
[BlackTeam "En Passant"]
[WhiteFideId "4002490"]
[BlackFideId "1046578"]
[EventDate "2021.09.18"]
[EventType "team"]

1. d4 Nf6 2. Nf3 c5 3. c3 e6 4. Bf4 Nc6 5. e3 d6 6. Bd3 Be7 7. Nbd2 O-O 8. O-O
e5 9. Bg3 Bg4 10. Qc2 cxd4 11. exd4 exd4 12. Nxd4 Nxd4 13. cxd4 Qb6 14. Nb3 Rac8
15. Qd2 Nh5 16. Bf4 Be6 17. Be3 d5 18. Rfc1 Bf6 19. f3 Rxc1+ 20. Rxc1 Rc8 21.
Nc5 Qc6 22. b4 b6 23. b5 Qe8 24. Nxe6 fxe6 25. Rc2 Be7 26. Qc1 Rxc2 27. Qxc2 Qd7
28. a4 h6 29. h3 1/2-1/2

[Event "36th ECC Open 2021"]
[Site "Struga MKD"]
[Date "2021.09.23"]
[Round "6.17"]
[Board "6"]
[White "Reichardt, Thomas"]
[Black "Densing, Gerd"]
[Result "1-0"]
[WhiteElo "1793"]
[BlackElo "1762"]
[WhiteTeam "En Passant"]
[BlackTeam "De Sprenger Echternach"]
[WhiteFideId "1046586"]
[BlackFideId "24621013"]
[EventDate "2021.09.18"]
[EventType "team"]

1. e4 e6 2. d4 d5 3. e5 c5 4. c3 Nc6 5. Nf3 Bd7 6. a3 Qb6 7. b4 cxd4 8. cxd4
Nge7 9. Be3 Nf5 10. Bd3 Rc8 11. Bxf5 exf5 12. O-O Be7 13. Qd3 O-O 14. Nc3 Be6
15. Rfc1 Nb8 16. Na4 Qd8 17. Rxc8 Bxc8 18. Rc1 b6 19. Nc3 g6 20. h3 Be6 21. Nb5
a6 22. Nc7 Bc8 23. Bh6 Bb7 24. Bxf8 Bxf8 25. Qe2 Be7 26. Qa2 Qc8 27. Rc2 Qd7 28.
e6 fxe6 29. Ne5 Qd6 30. Ne8 Qd8 31. Rc7 Bc8 32. Qc2 Bd7 33. Nxd7 Qxe8 34. Rc8
Bd8 35. Nxb8 1-0

[Event "36th ECC Open 2021"]
[Site "Struga MKD"]
[Date "2021.09.23"]
[Round "6.18"]
[Board "1"]
[White "Sorensen, Hampus"]
[Black "Jepson, Christian"]
[Result "1/2-1/2"]
[WhiteTitle "FM"]
[BlackTitle "IM"]
[WhiteElo "2383"]
[BlackElo "2407"]
[WhiteTeam "Team Pelaro Alingsas"]
[BlackTeam "Nordkalotten"]
[WhiteFideId "8703884"]
[BlackFideId "1701185"]
[EventDate "2021.09.18"]
[EventType "team"]

1. d4 Nf6 2. Nf3 g6 3. g3 Bg7 4. Bg2 O-O 5. O-O d6 6. Re1 Nc6 7. d5 Nb4 8. e4 e6
9. c4 c5 10. dxc6 Nxc6 11. Nc3 a6 12. Bf4 e5 13. Bc1 Rb8 14. a4 Bg4 15. h3 Bxf3
16. Bxf3 Nd4 17. Bg2 b5 18. axb5 axb5 19. Nxb5 Nxb5 20. cxb5 Rxb5 21. Qd3 Qb8
22. Rd1 Rd8 23. Ra6 Rb3 24. Qc2 Bf8 25. Rc6 Rb4 26. Rc4 Rxc4 27. Qxc4 Be7 28.
Qd3 h5 29. Bg5 Qxb2 30. Rb1 Qd4 31. Qf3 Nd5 32. Bxe7 Nxe7 33. Rb7 Re8 34. Qf6 d5
35. exd5 h4 36. Rxe7 Rxe7 37. Qxe7 hxg3 38. Qe8+ Kg7 39. Qb5 Qxf2+ 40. Kh1 Qe1+
41. Qf1 Qd2 42. Qf3 Qe1+ 1/2-1/2